| 000 | 00428nam a2200169Ia 4500 | ||
|---|---|---|---|
| 008 | 210210b1993 xxu||||| |||| 00| 0 eng d | ||
| 020 | _a81 85392 49 8 | ||
| 041 | _aeng | ||
| 082 | _a823.009 KETI | ||
| 100 | _aKETTLE (Arnold). | ||
| 245 | _aIntroduction to the english novel. 2. | ||
| 260 |
_aN D _bUniversal Book Stall _c1993 |
||
| 300 | _a192 | ||
| 650 | _aEnglish Novel | ||
| 690 | _aEnglish Criticism | ||
| 906 | _a050181 | ||
| 999 |
_c99027 _d99027 |
||